000 00349 a2200157 4500
001 164574
020 _a
040 _cMagnum
100 _aAzevedo, Ricardo
240 1 0 _aConto de susto: gaspar,eu caio !
_lpor
245 1 0 _aConto de susto: gaspar,eu caio !
362 0 _a1899
440 1 _aFTD
697 _aIJ/LENDAS, FOLCLORE
942 _cBK
999 _c164574
_d164574